| 000 | 02232nam a22003977a 4500 | ||
|---|---|---|---|
| 003 | CHAP | ||
| 005 | 20240521101311.0 | ||
| 007 | ta | ||
| 008 | 221115s2021 |||eobdfs||||a001 0 spa d | ||
| 040 | _amxchpua | ||
| 090 |
_aT.C.873 _bL36 EIUPA _c2021 |
||
| 245 | 1 | 0 |
_aEmpacadora agrícola Fuerte Yaqui, S.C. de R.S. de C.V. en Cajeme, Sonora / _ccoordinadores Patricia Landa Salgado y Vicente López Bautista ; colaboradores Luis Ángel Castillo Pérez...[y otros] |
| 260 |
_aChapingo, México : _bEl autor, _c2021 |
||
| 300 |
_a1 recurso en línea (104 hojas) : _bgráficas, mapas, fotos, planos |
||
| 336 |
_2rdacontent _atexto _btxt |
||
| 337 |
_2rda media _acomputadora _bc |
||
| 338 |
_2rdacarrier _arecurso en línea _bcr |
||
| 500 | _aGrado : 7° año Grupo : 05 | ||
| 502 |
_aViaje de Estudios _b(EIUPA) -- _cUACh. Departamento de Ingeniería Agroindustrial, _d2021 |
||
| 504 | _aBibliografía : hoja 74-81 | ||
| 505 | 0 | _aContiene 2 planos : -- 1. Plano distribución de áreas (Esc. 1 : 50) -- 2. Diagrama de recorrido (Esc. 1:50) | |
| 650 | 1 | 3 |
_9161131 _aCapsicum _xCalidad de las hortalizas _zMéxico _zSonora |
| 650 | 1 | 3 |
_9159822 _aProductos a base de hortalizas _xOrganización industrial y estructura de mercado _zMéxico _zSonora |
| 650 | 1 | 3 |
_9162474 _aIndustria de las hortalizas _zMéxico _zSonora |
| 650 | 1 | 3 |
_9148404 _aPlantas empacadoras _zMéxico _zSonora |
| 650 | 1 | 3 |
_9161131 _aCapsicum _xVegetable quality _zMexico _zSonora |
| 650 | 1 | 3 |
_9159823 _aVegetable products _xIndustrial organization and market structure _zMexico _zSonora |
| 650 | 1 | 3 |
_9162475 _aVegetable industry _zMexico _zSonora |
| 650 | 1 | 3 |
_9148403 _aPacking houses _zMexico _zSonora |
| 700 | 1 |
_9148104 _aLanda Salgado, Patricia _ecoordinadora |
|
| 700 | 1 |
_9147030 _aLópez Bautista, Vicente _ecoordinador |
|
| 700 | 1 |
_9185663 _aCastillo Pérez, Luis Ángel _ecolaborador |
|
| 856 | 4 | 0 |
_uhttp://10.13.5.2/ve/T_C_873_EIUPA/T_C_873_EIUPA_2021-REPORTE_pdf _yDESCARGAR REPORTE |
| 856 | 4 | 0 |
_uhttp://10.13.5.2/ve/T_C_873_EIUPA/T_C_873_EIUPA_2021-DIAGRAMA_DE_RECORRIDO_pdf _yDESCARGAR DIAGRAMA DE RECORRIDO |
| 856 | 4 | 0 |
_uhttp://10.13.5.2/ve/T_C_873_EIUPA/T_C_873_EIUPA_2021-PLANO_DE_DISTRIBUCION_DE_AREAS_pdf _yDESCARGAR PLANO DE DISTRIBUCIÓN DE ÁREAS |
| 999 |
_c217795 _d217795 |
||